00755nam a22002057a 4500999001900000005001700019010001300036020002600049035001200075037001300087082000800100100003300108245005400141246004000195260004200235270008900277300002100366942002700387952013500414 c195981d19598120230515152008.0 aUR-11997 a9789380934112c225.00 aU-10552 bDBAD/PUB a841 aشاہد احمد دہلوی aاجڑا دیار /cشاہد احمد دہلوی aUjra Dyar /bby Shahid Ahmed Dehlvi aNew DelhibM.R. Publicationsc2012 ء a10 Metropole Market, 2724-25 First Floor, Kucha Chelan, DaryaganjbNew Delhie110002 a240 صc22cm(Hb) 2ddccURh841mش ا ہ 001040708NFICaBL4bBL4d2023-05-15eDBAD/PUBg225.00l0o841 ش ا ہpU-10552r2023-05-15 00:00:00t1v225.00w2023-05-15yUR